000 00339nam a22001577a 4500
003 SGT
020 _a0-8493-7529-0
082 _a664.001
_bF14R
100 _aRAY, BIBEK
245 _aFUNDAMENTAL FOOD MICROBIOLOGY
250 _a4TH
260 _aLONDON
_bCRC
_c2014
300 _a492
650 _aMICROBIOLOGY
942 _2ddc
_cBK
_013
999 _c11960
_d11960